Statistics for Countries with the highest concentration of immigrants to their population

Click here to take the quiz!

General Stats

  • This quiz has been taken 65 times
  • The average score is 17 of 30

Answer Stats

Percentage Number of Immigrants Country % Correct
1001,000Vatican City
92%
83.77,826,981United Arab Emirates
82%
64.221,042Monaco
80%
73.81,600,955Qatar
79%
54.7729,357Bahrain
77%
15.44,717San Marino
75%
27.76,763,663Australia
75%
56.942,082Andorra
75%
43.3249,325Luxembourg
72%
20.77,248,069Canada
72%
33.123,493Liechtenstein
70%
31.49,060,433Saudi Arabia
70%
25.11,132,736New Zealand
67%
42.92,323,252Singapore
64%
28.92,438,702Switzerland
64%
26.52,046,873Israel
64%
15.9746,260Ireland
59%
30.61,112,032Oman
59%
15.21,492,374Austria
57%
40.22,925,780Jordan
56%
18.2207,313Cyprus
49%
49.3206,173Brunei
41%
21.13,178Nauru
36%
16.359,306The Bahamas
33%
24.484,320Maldives
31%
31.928,083Antigua and Barbuda
23%
16.4202,348Estonia
21%
17.6576,883Croatia
16%
21.13,476,233Kazakhstan
15%
23.6394,953Gabon
7%

Score Distribution

Percentile by Number Answered

Percent of People with Each Score

Your Score History

You have not taken this quiz